Statistics for Countries with Highest GDP Growth Rate

Click here to take the quiz!

General Stats

  • This quiz has been taken 222 times
    (176 since last reset)
  • The average score is 8 of 18

Answer Stats

Annual ChangeCountry% Correct
+3.2Ethiopia
63%
+2Egypt
54%
+3.5Rwanda
54%
+2.7Vietnam
52%
+2Tanzania
51%
+3.5Uganda
48%
+2Bangladesh
46%
+3Senegal
45%
+2.7Ivory Coast
42%
+2.9Guinea
41%
+4.5Benin
38%
+2.5The Gambia
38%
+2.2Mozambique
37%
+2.5Nepal
37%
+4.9South Sudan
34%
+2.7Bhutan
32%
+2Burkina Faso
30%
+52.8Guyana
24%

Score Distribution

Percentile by Number Answered

Percent of People with Each Score

Your Score History

You have not taken this quiz since the last reset